000 00706nam a2200217 a 4500
020 _a9251041237
040 _cDJB
082 0 0 _a333 FAO 1998 C143 Or.
100 1 _aArmitage, Ian.
245 1 0 _aGuidelines for the management of tropical forests /
260 _aRome :
_bFood and Agriculture Organization of the United Nations,
_c1998-
300 _av. <1 > :
_bill. ;
_c21 cm.
500 _a"Forest Resources Division, FAO Forestry Department."
500 _a"M-36"--T.p. verso.
650 0 _aRain forests
650 0 _aForest products
650 0 _aForest conservation
650 0 _aSustainable forestry
710 2 _aFood and Agriculture Organization of the United Nations.
942 _cAEDBB
999 _c18359
_d18359